000 01423nam a2200277Ia 4500
003 GCL
008 140319s9999 xx 000 0 ara d
020 _a2046879953
040 _aGCL /
_cGCL
082 0 4 _a327.117
_bس ن
100 1 _aساسكيند، رون
245 1 0 _aنظرية الواحد فى المئة :
_bبحث فى العمق فى تعقب الولايات المتحدة لأعدائها عبر تطبيق نظرية الواحد فى المئة التى ابتدعها نائب الرئيس ديك تشينى فى الحرب على الإرهاب /
_cساسكيند، رون
700 1 _aميشيل دانو
250 _aالاولى
260 _aبيروت :
_bالدار العربية للعلوم ،
_c2007
300 _a384 ص ؛
_c24 سم
650 0 4 _aالولايات المتحدة الامريكية - العلاقات الخارجية
650 0 4 _aالمخابرات العسكرية - الولايات المتحدة الامريكية
650 0 4 _aالاعتداء الامريكى على العراق
650 0 4 _aالولايات المتحدة الامريكية - البيت الابيض
650 0 4 _aاحداث 11 سبتمبر - نتائج
650 0 4 _aالارهاب الدولى - مكافحة
650 0 4 _aالولايات المتحدة الامريكية - مكافحة الارهاب
650 0 4 _aالمباحث الفيدرالية
942 _2ddc
_cBK
999 _c9462
_d9462